000 00697nam a2200289Ia 4500
005 20260324125650.0
008 008 260324s9999 xx 000 0 eng d
020 _a9780429240485
037 _aEBOOK
040 _aCRL
040 _beng
040 _cCRL
041 _2eng
041 _aeng
084 _qCRL
100 _aSergio Catignani
_91178842
245 0 _aIsraeli Counter-Insurgency and the Intifadas
245 0 _bDilemmas of a Conventional Army
260 _bTaylor and Francis
260 _c2008
365 _a
365 _b240
856 _uhttp://www.taylorfrancis.com/books/9780429240485
942 _cEBOOK
999 _c1774319
_d1774319